|
|
|
|
| LEADER |
00000cam a2200000 a 4500 |
| 001 |
vtls008337516 |
| 003 |
SK-MaSNL |
| 005 |
20260301094209.0 |
| 008 |
210928s1967 xo a 000 j cze |
| 015 |
|
|
|a SNBA1967/05-00836
|
| 035 |
|
|
|a SK01SNK19670029733
|
| 035 |
|
|
|a SKM000032196
|
| 040 |
|
|
|a SNK
|b slo
|c SNK
|e AACR2
|
| 041 |
1 |
|
|a cze
|h rus
|
| 044 |
|
|
|a xo
|c SK
|
| 080 |
|
|
|a 882-3(087.5)=850
|2 1981
|
| 080 |
|
|
|a 882-93(087.5)=850
|2 1981
|
| 100 |
1 |
|
|a Belyšev, Ivan Petrovič,
|d 1894-1942
|4 aut
|9 199372
|
| 240 |
1 |
0 |
|a Upriamyj koťonok
|l Slovensky
|
| 245 |
1 |
0 |
|a Tvrdohlavý kocourek
|c Ivan Belyšev ; z ruského originálu Upriamyj koťonok ... přeložil Jindřich Hilčr ; ilustrace Mária Želibská
|
| 250 |
|
|
|a 2. vyd.
|
| 260 |
|
|
|a Bratislava
|b Mladé letá
|c 1967
|e Banská Bystrica
|f VKÚ
|
| 300 |
|
|
|a [12] s.
|c 8°
|
| 366 |
|
|
|e 35000 výtl.
|
| 490 |
1 |
|
|a Leporela
|
| 521 |
|
|
|a Pre najmenších čitateľov
|
| 655 |
|
7 |
|a ruské rozprávky
|2 SNKPH
|9 70673
|
| 655 |
|
7 |
|a autorské rozprávky
|2 SNKPH
|9 70727
|
| 655 |
|
7 |
|a leporelá
|2 SNKPH
|9 60414
|
| 655 |
|
7 |
|a literatúra pre deti
|2 SNKPH
|9 87135
|
| 700 |
1 |
|
|a Hilčr, Jindřich
|4 trl
|9 321465
|
| 700 |
1 |
|
|a Želibská, Mária,
|d 1913-1992
|4 ill
|9 106472
|
| 830 |
|
0 |
|a Leporela
|9 276890
|
| 852 |
|
|
|a Slovenská národná knižnica v Martine
|b 10000
|h SC 22670
|
| 852 |
|
|
|a Slovenská národná knižnica v Martine
|b 10000
|h SC 22670 D1
|
| 919 |
|
|
|a viaz.
|
| 958 |
|
|
|a TL
|
| 958 |
|
|
|a RK
|
| 958 |
|
|
|a UP
|
| 958 |
|
|
|a RU
|
| 958 |
|
|
|a CZ
|
| 958 |
|
|
|a DB
|
| 958 |
|
|
|a LX
|
| 958 |
|
|
|a BQ
|
| 958 |
|
|
|a OND
|
| 999 |
|
|
|c 679556
|d 681486
|
| 952 |
|
|
|a SNK
|b SNK
|y PREZ
|7 0
|p 17A0892473
|o snkSC 22670
|i snkKSP 3739/67
|0 0
|1 0
|4 0
|d 1996-11-14
|l 0
|r 2005-01-01 00:00:00
|w 2026-02-23
|
| 952 |
|
|
|a SNK
|b SNK
|y VYP
|7 0
|p 17A1346324
|o snkSC 22670 D1
|i snkKSP 3740/67
|0 0
|1 0
|4 0
|d 1996-11-14
|l 0
|r 2005-01-01 00:00:00
|w 2026-02-23
|